Jahreshitparaden 1970-1979 - Statistiken

Allgemein
  • Dieses Quiz wurde 53 mal gespielt
  • Das Durchschnittsergebnis liegt bei 21 aus 100
Antwortstatistiken
Rang Interpret Song % Korrekt
5. ABBA Waterloo
79%
8. ABBA Dancing Queen
72%
9. Dschinghis Khan Moskau
67%
6. Dschinghis Khan Dschinghis Khan
64%
7. Jürgen Drews Ein Bett Im Kornfeld
62%
3. Village People Y.M.C.A.
62%
2. Peter Maffay Du
56%
5. Mungo Jerry In the Summertime
54%
1. Boney M. Daddy Cool
51%
6. The Beatles Let It Be
51%
3. Udo Jürgens Griechischer Wein
49%
2. Boney M. Rivers of Babylon
49%
8. Juliane Werding Am Tag, Als Conny Kramer Starb
44%
3. Bernd Clüver Der Junge Mit Der Mundharmonika
44%
2. ABBA Fernando
41%
5. Bee Gees Stayin’ Alive
41%
1. Danyel Gerard Butterfly
38%
1. Vader Abraham Das Lied der Schlümpfe
38%
4. Blondie Heart of Glass
38%
4. ABBA S.O.S.
38%
6. Vicky Leandros Theo, Wir Fahr'n Nach Lodz
38%
9. Carl Douglas Kung Fu Fighting
36%
5. Peter Alexander Die Kleine Kneipe
33%
4. Smokie Living Next Door to Alice
33%
2. Boney M. Ma Baker
33%
4. George Harrison My Sweet Lord
33%
3. Baccara Yes Sir, I Can Boogie
33%
4. John Travolta & Olivia Newton-John You’re the One That I Want
33%
4. Christian Anders Es Fährt Ein Zug Nach Nirgendwo
28%
8. Penny McLean Lady Bump
28%
7. Bata Illic Michaela
28%
2. Patrick Hernandez Born to Be Alive
26%
1. Simon & Garfunkel El Condor Pasa (If I Could)
26%
3. Windows How Do You Do
26%
4. ABBA Honey Honey
23%
3. Pussycat Mississippi
23%
7. Bee Gees Night Fever
23%
4. Frank Farian Rocky
21%
8. Miguel Ríos A Song of Joy
18%
6. Suzi Quatro Can The Can
18%
7. Simon & Garfunkel Cecilia
18%
8. ABBA Chiquitita
18%
1. Demis Roussos Goodbye, My Love, Goodbye
18%
9. ABBA Knowing Me, Knowing You
18%
5. Les Humphries Singers Mama Loo
18%
1. Peter Maffay So bist du
18%
8. Gerry Rafferty Baker Street
15%
1. George Baker Selection Paloma Blanca
15%
3. Terry Jacks Seasons In The Sun
15%
2. Middle Of The Road Chirpy Chirpy Cheep Cheep
13%
4. Bernd Clüver Der Kleine Prinz (Ein Engel, Der Sehnsucht Heißt)
13%
2. The Sweet Fox On The Run
13%
9. Sailor Girls, Girls, Girls
13%
7. Wum's Gesang Ich Wünsch' Mir 'Ne Kleine Miezekatze
13%
3. Wings Mull of Kintyre
13%
5. Lynn Anderson Rose Garden
13%
9. Middle Of The Road Sacramento (A Wonderful Town)
13%
2. The Rubettes Sugar Baby Love
13%
6. Bachman-Turner Overdrive You Ain't Seen Nothing Yet
13%
8. The Sweet Block Buster!
10%
5. Art Garfunkel Bright Eyes
10%
9. Wishful Thinking Hiroshima
10%
10. Johnny Wakelin In Zaire
10%
6. Bellamy Brothers Let Your Love Flow
10%
6. The Sweet Wig-Wam Bam
10%
3. The Sweet Co-co
8%
2. Gilbert O'Sullivan Get Down
8%
6. Creedence Clearwater Revival Hey Tonight
8%
10. Frijid Pink House of the Rising Sun
8%
7. Billy Swan I Can Help
8%
5. Tony Marshall Komm, Gib Mir Deine Hand
8%
8. Bonnie Tyler Lost in France
8%
5. Frank Zander Oh, Susi (der zensierte Song)
8%
7. M Pop Muzik
8%
1. George McCrae Rock Your Baby
8%
7. The Sweet Teenage Rampage
8%
8. Dan The Banjoman Dan The Banjoman
5%
1. Julie Covington Don’t Cry for Me Argentina
5%
6. Amanda Lear Follow Me
5%
2. Mouth & MacNeal Hello-a
5%
9. The Sweet Hell Raiser
5%
8. T. Rex Hot Love
5%
10. Space Magic Fly
5%
9. Pop Tops Mamy Blue
5%
10. Ulli Martin Monika
5%
10. Freddy Breck Bianca
3%
4. Roy Black Dein schönstes Geschenk
3%
7. Peter Alexander Hier Ist Ein Mensch
3%
10. Eruption feat. Precious Wilson I Can’t Stand the Rain
3%
1. Vicky Leandros Ich Hab' Die Liebe Geseh'n
3%
3. Soulful Dynamics Mademoiselle Ninette
3%
5. Fox Only You Can
3%
7. Jeanette Porque te vas
3%
10. Middle Of The Road Samson And Delilah
3%
9. Shirley & Company Shame, Shame, Shame
3%
10. Racey Some Girls
3%
9. Christie Yellow River
3%
6. Oliver Onions Orzowei
0%
10. The Sweet The Six Teens
0%
10. Alain Barriere & Noelle Cordier Tu T'en Vas
0%
Keine übereinstimmenden Quizze gefunden
Verteilung der Resultate
Anzahl Personen mit jedem Resultat
Perzentil nach korrekt beantworteten Fragen
Ihre Resultats-Entwicklung
Sie haben dieses Quiz noch nicht gespielt